Chu kỳ và nồng độ áp dụng Diazinon trong việc ngăn ngừa côn trùng phá hại lúa Thần nông 20
Spremljeno u:
| Glavni autor: | |
|---|---|
| Format: | Knjiga |
| Jezik: | Undetermined |
| Izdano: |
Cần Thơ
Viện Đại học Cần Thơ - Trường Cao Đẳng Nông Nghiệp
1973
|
| Teme: | |
| Oznake: |
Dodaj oznaku
Bez oznaka, Budi prvi tko označuje ovaj zapis!
|
| Thư viện lưu trữ: | Trung tâm Học liệu Trường Đại học Cần Thơ |
|---|
| LEADER | 00685nam a2200181Ia 4500 | ||
|---|---|---|---|
| 001 | CTU_33499 | ||
| 008 | 210402s9999 xx 000 0 und d | ||
| 082 | |a 632.95 | ||
| 082 | |b S106 | ||
| 100 | |a Nguyễn Ngọc Sáng | ||
| 245 | 0 | |a Chu kỳ và nồng độ áp dụng Diazinon trong việc ngăn ngừa côn trùng phá hại lúa Thần nông 20 | |
| 245 | 0 | |c Nguyễn Ngọc Sáng | |
| 260 | |a Cần Thơ | ||
| 260 | |b Viện Đại học Cần Thơ - Trường Cao Đẳng Nông Nghiệp | ||
| 260 | |c 1973 | ||
| 650 | |a rice, effect of pesticides on | ||
| 904 | |i Minh, 991101 | ||
| 980 | |a Trung tâm Học liệu Trường Đại học Cần Thơ | ||